000
00291nam a2200121Ia 4500
005
20251222143247.0
008
251222s9999||||xx |||||||||||||| ||spa||
082
_a
234.1/L88
100
_a
López Vigil, José Ignacio
245
0
_a
Jesys de Nazaret:
264
_b
La República
942
_c
LIB
999
_c
14818
_d
14818